Music Quiz

Random Music or Clickable Quiz
Score 0/25 Timer 03:00
1 Play Today
% Correct
Michael Jackson
97.7%
Michael Jackson
97.5%
Cyndi Lauper
96.2%
Madonna
96.2%
Bon Jovi
93.5%
Journey
91.8%
Guns N' Roses
91.2%
A-Ha
88.4%
Cyndi Lauper
87.9%
The Bangles
86.7%
Prince
86.5%
Duran Duran
85.3%
Van Halen
83.7%
% Correct
U2
83.7%
Dexys Midnight Runners
83.2%
Rick Springfield
80.6%
Run-D.M.C.
79.1%
Whitney Houston
78.8%
AC/DC
78.3%
Def Leppard
76.9%
Whitesnake
71.1%
Hall & Oates
66%
The Go-Go's
63.9%
INXS
62.2%
The Cure
55.9%
Remove Ads.
Support Sporcle.
Get the best of Sporcle when you Go Orange. This ad-free experience offers more features, more stats, and more fun while also helping to support Sporcle. Thank you for becoming a member.

You're not logged in!

Compare scores with friends on all Sporcle quizzes.
OR
Log In

Sporcle TV

Today on Sporcle TV


Watch our educational content, quiz creation guides, and fun videos on Sporcle TV.

Show Comments

Extras

Top Quizzes Today


Score Distribution

Paid Content

Your Account Isn't Verified!

In order to create a playlist on Sporcle, you need to verify the email address you used during registration. Go to your Sporcle Settings to finish the process.

Report this User

Report this user for behavior that violates our Community Guidelines.

Details: